<?xml version="1.0" encoding="UTF-8"?>
<collection xmlns="http://www.loc.gov/MARC21/slim">
 <record>
  <leader>01491nam a2200217Ia 4500</leader>
  <controlfield tag="001">TDMU_16962</controlfield>
  <controlfield tag="008">210410s9999    xx            000 0 und d</controlfield>
  <datafield tag="082" ind1=" " ind2=" ">
   <subfield code="a">307.7609 59731</subfield>
  </datafield>
  <datafield tag="090" ind1=" " ind2=" ">
   <subfield code="b">NG527</subfield>
  </datafield>
  <datafield tag="245" ind1=" " ind2="0">
   <subfield code="a">Giải phóng mặt bằng ở Hà Nội</subfield>
  </datafield>
  <datafield tag="245" ind1=" " ind2="0">
   <subfield code="b">Hệ lụy và hướng giải quyết</subfield>
  </datafield>
  <datafield tag="245" ind1=" " ind2="0">
   <subfield code="c">Nguyễn Chí Mỳ, Hoàng Ngọc Bắc, Hoàng Xuân Nghĩa...[và nh.ng.khác]</subfield>
  </datafield>
  <datafield tag="260" ind1=" " ind2=" ">
   <subfield code="a">H.</subfield>
  </datafield>
  <datafield tag="260" ind1=" " ind2=" ">
   <subfield code="b">Chính trị Quốc gia - Sự thật</subfield>
  </datafield>
  <datafield tag="260" ind1=" " ind2=" ">
   <subfield code="c">2012</subfield>
  </datafield>
  <datafield tag="300" ind1=" " ind2=" ">
   <subfield code="a">192tr.</subfield>
  </datafield>
  <datafield tag="520" ind1=" " ind2=" ">
   <subfield code="a">TM tài liệu tham khảo tr.183- 188; Gồm 3 chương: Các vấn đề chung về giải phóng mặt bằng và hậu giải phóng mặt bằng; đánh giá những vấn đề gải phóng mặt bằng và hậu giải phóng mặt bằng trên địa bàn Hà Nội; phương hướng và giải pháp nhằm hạn chế và chủ động giải quyết các vấn đề giải phóng mặt bằng và hậu giải phóng mặt bằng ở Hà Nội đến năm 2020, tầm nhìn 2030.</subfield>
  </datafield>
  <datafield tag="650" ind1=" " ind2=" ">
   <subfield code="a">Giải phóng mặt bằng</subfield>
   <subfield code="x">Thực trạng và giải pháp</subfield>
   <subfield code="z">Hà Nội.</subfield>
  </datafield>
  <datafield tag="700" ind1=" " ind2=" ">
   <subfield code="a">Viện Nghiên cứu Phát triển Kinh tế - Xã hội Hà Nội</subfield>
  </datafield>
  <datafield tag="856" ind1=" " ind2=" ">
   <subfield code="u">http://lrc.tdmu.edu.vn/opac/search/detail.asp?aID=2&amp;ID=16962</subfield>
  </datafield>
  <datafield tag="980" ind1=" " ind2=" ">
   <subfield code="a">Trung tâm Học liệu Trường Đại học Thủ Dầu Một</subfield>
  </datafield>
 </record>
</collection>
